Introduction to the computation of statistics (Record no. 1347022)

MARC details
000 -LEADER
fixed length control field 00564nam a2200193Ia 4500
005 - DATE AND TIME OF LATEST TRANSACTION
control field 20250508154018.0
008 - FIXED-LENGTH DATA ELEMENTS--GENERAL INFORMATION
fixed length control field 008 250505s9999 xx 000 0 eng d
037 ## - SOURCE OF ACQUISITION
Stock number Textual
040 ## - CATALOGING SOURCE
Original cataloging agency FEDL
Language of cataloging eng
Transcribing agency FEDL
041 ## - LANGUAGE CODE
Language code of text/sound track or separate title eng
Source of code eng
084 ## - COLON CLASSIFICATION NUMBER
Classification number 311, DAW
Assigning agency FEDL
100 ## - MAIN ENTRY--PERSONAL NAME
Personal name Dawson Shepherd
9 (RLIN) 764856
245 #0 - TITLE STATEMENT
Title Introduction to the computation of statistics
260 ## - PUBLICATION, DISTRIBUTION, ETC.
Place of publication, distribution, etc. London, UK
Name of publisher, distributor, etc. University of London Press Limited
Date of publication, distribution, etc. 1933
300 ## - PHYSICAL DESCRIPTION
Extent 192p
546 ## - LANGUAGE NOTE
Language note With forty - two diagrams
942 ## - ADDED ENTRY ELEMENTS (KOHA)
Koha item type Textual
Classification part 311, DAW
Holdings
Withdrawn status Lost status Damaged status Not for loan Home library Current library Date acquired Total Checkouts Full call number Barcode Date last seen Price effective from Koha item type
        Department of Education Library Department of Education Library 2025-05-08   311, DAW EL0030525 2025-05-08 2025-05-08 Textual
Copyright @ Delhi University Library System